000
00263nam a2200109Ia 4500
008
200302s9999 xx 000 0 und d
100
_a
Lucy Peck
245
_a
Fatehpur Sikri Revisitng Akbar'S Masterpiece
260
_b
Roli Books
260
_c
2014
300
_a
145 P
999
_c
4359
_d
4359